MARC

LEADER 00000nam0a2200000 4500
001 24471
005 20231030200229.0
010 |a 5845900735 
035 |a (RuTPU)RU\TPU\book\24700 
035 |a BOOK00000008 
090 |a 24471 
100 |a 20011209d2000 k y0rusy50 ca 
101 0 |a rus 
102 |a RU  |a UA 
105 |a a z 001zy 
200 1 |a Программирование для Web  |e Руководство разработчика  |f В. Вейтман 
210 |a Москва  |a СПб.  |a Киев  |c Диалектика  |d 2000 
215 |a 364 с.  |c ил. 
610 1 |a программирование 
610 1 |a Web-узлы 
610 1 |a языки описания 
610 1 |a документы 
610 1 |a программы 
610 1 |a Java 
610 1 |a JavaScript 
610 1 |a HTML 
610 1 |a XML 
610 1 |a Web-страницы 
610 1 |a сетевые средства 
675 |a 681.324.06  |v 3 
700 1 |a Вейтман  |b В.  |g Виктор 
801 0 |a RU  |b 63413507  |c 20011209  |g PSBO 
801 2 |a RU  |b 63413507  |c 20081211  |g PSBO 
942 |c BK